MARC details
| 000 -LEADER |
| fixed length control field |
01267cam a2200337Ia 4500 |
| 001 - CONTROL NUMBER |
| control field |
33413447 |
| 003 - CONTROL NUMBER IDENTIFIER |
| control field |
OCoLC |
| 005 - DATE AND TIME OF LATEST TRANSACTION |
| control field |
20170614214945.0 |
| 008 - FIXED-LENGTH DATA ELEMENTS--GENERAL INFORMATION |
| fixed length control field |
951102s1993 nyua j 000 1 spa d |
| 020 ## - INTERNATIONAL STANDARD BOOK NUMBER |
| International Standard Book Number |
0590481924 (pbk.) |
| 020 ## - INTERNATIONAL STANDARD BOOK NUMBER |
| International Standard Book Number |
9780590481922 (pbk.) |
| 040 ## - CATALOGING SOURCE |
| Original cataloging agency |
SAP |
| Transcribing agency |
SAP |
| Modifying agency |
OCL |
| -- |
OCLCQ |
| -- |
E3V |
| 041 1# - LANGUAGE CODE |
| Language code of text/sound track or separate title |
spa |
| Language code of original |
eng |
| 082 #4 - DEWEY DECIMAL CLASSIFICATION NUMBER |
| Classification number |
813 |
| 092 0# - LOCALLY ASSIGNED DEWEY CALL NUMBER (OCLC) |
| Classification number |
CSB |
| Item number |
KRO |
| 100 1# - MAIN ENTRY--PERSONAL NAME |
| Personal name |
Kroll, Steven. |
| 240 10 - UNIFORM TITLE |
| Uniform title |
<a href="Biggest pumpkin ever.">Biggest pumpkin ever.</a> |
| Language of a work |
Spanish. |
| 245 13 - TITLE STATEMENT |
| Title |
La calabaza más grande del mundo / |
| Statement of responsibility, etc. |
por Steven Kroll ; ilustrado por Jeni Bassett. |
| 250 ## - EDITION STATEMENT |
| Edition statement |
1st ed. |
| 260 ## - PUBLICATION, DISTRIBUTION, ETC. (IMPRINT) |
| Place of publication, distribution, etc. |
New York : |
| Name of publisher, distributor, etc. |
Scholastic Inc., |
| Date of publication, distribution, etc. |
c1993. |
| 300 ## - PHYSICAL DESCRIPTION |
| Extent |
1 v. (unpaged) : |
| Other physical details |
col. ill. ; |
| Dimensions |
21 cm. |
| 520 ## - SUMMARY, ETC. |
| Summary, etc. |
Two mice, each without the other's knowledge, help a pumpkin grow into "the biggest pumpkin ever"--but for different purposes. |
| 520 ## - SUMMARY, ETC. |
| Summary, etc. |
Dos ratones, sin que el otro sepa, ayuda a una calabaza que crezca a ser la m©Łs grande del mundo, pero cada rat©đn tiene un prop©đsito diferente. |
| 650 #0 - SUBJECT ADDED ENTRY--TOPICAL TERM |
| Topical term or geographic name as entry element |
Children's stories, American. |
| 650 #0 - SUBJECT ADDED ENTRY--TOPICAL TERM |
| Topical term or geographic name as entry element |
Pumpkin |
| Form subdivision |
Juvenile fiction. |
| 650 #0 - SUBJECT ADDED ENTRY--TOPICAL TERM |
| Topical term or geographic name as entry element |
Halloween |
| Form subdivision |
Juvenile fiction. |
| 650 #0 - SUBJECT ADDED ENTRY--TOPICAL TERM |
| Topical term or geographic name as entry element |
Mice |
| Form subdivision |
Juvenile fiction. |
| 650 #0 - SUBJECT ADDED ENTRY--TOPICAL TERM |
| Topical term or geographic name as entry element |
Spanish language materials |
| Form subdivision |
Juvenile fiction. |
| 700 1# - ADDED ENTRY--PERSONAL NAME |
| Personal name |
Bassett, Jeni. |
| 942 ## - ADDED ENTRY ELEMENTS (KOHA) |
| Koha item type |
Libro/Book |